Tears Over Beers Lyrics - Modern Baseball - Statistics

General Stats
  • This quiz has been taken 127 times
  • The average score is 222 of 291
Answer Stats
Answer % Correct
I
100%
a
98%
When
97%
when
97%
boy
95%
or
95%
She
95%
she
95%
so
95%
was
95%
me
94%
me"
94%
to
94%
to?
94%
girl
92%
just
92%
my
92%
and
91%
by
91%
he
91%
we'll
91%
be
89%
call
89%
it
89%
next
89%
that
89%
bones
88%
more
88%
fifteen
86%
for
86%
found
86%
myself
86%
her
84%
is
84%
of
84%
on
84%
on!)
84%
tears
84%
away
83%
but
83%
in
83%
all
81%
"All
81%
pretty
81%
hope
80%
who's
80%
better
78%
can
78%
friendly
78%
get
78%
thoughtful
78%
win
78%
annoyed
77%
from
77%
no
77%
sorts
77%
herself
75%
take
75%
out
73%
quite
73%
said
73%
she's
73%
syndrome
73%
awfully
72%
'cause
72%
friends
72%
home
72%
again
70%
again"
70%
need
70%
years
70%
like,
69%
like
69%
meathead
69%
miles
69%
moved
69%
ran
69%
three
69%
why
69%
back
67%
I'll
67%
bored
66%
Brad
66%
conversation
66%
hundred
66%
one
66%
right
66%
say
66%
Oh
64%
(Oh
64%
had
63%
I'm
63%
luck
63%
wanted
63%
has
61%
knew
61%
than
61%
if
59%
needed
59%
with
59%
you
59%
best
58%
change
58%
him
58%
long
58%
lovers
58%
limbs
56%
midnight
56%
monologue
56%
realized
56%
grown
55%
awkwardly
53%
know
53%
beers
52%
don't
50%
leave
50%
over
50%
this
50%
(wait,
50%
way
50%
as
48%
felt
48%
should
48%
behind
47%
town
47%
worth
47%
inside
45%
won't
45%
he's
44%
once
44%
other
44%
did
42%
face
42%
grinning
42%
woman
42%
checking
41%
starts
41%
God)
39%
where
39%
your
38%
hide
36%
shine
34%
themed
34%
come
31%
leaking
28%
You're
19%
No matching quizzes found
Score Distribution
Percent of People with Each Score
Percentile by Number Answered
Your Score History
You have not taken this quiz